000 01059cam a2200277 a 4500
005 20161118121116.0
008 151020s1999 xxu frb 001 0 eng d
020 _a0300074050
020 _a9780300078466
035 _a(OCoLC)39747283
_z(OCoLC)41960592
_z(OCoLC)59403510
_z(OCoLC)123071119
_z(OCoLC)316536130
_z(OCoLC)810962170
_z(OCoLC)850158839
040 _aCO-BoUCM
_bspa
_cSandra Palacio
_dSandra Palacio
041 0 _aeng
245 0 4 _aThe tourist city
_cEditado por Dennis R. Judd y Susan S. Fainstein.
260 _aNew Haven (Connecticut, Estados Unidos)
_bYale University Press
_c1999
300 _a340 páginas
504 _aIncluye referencias bibliográficas e índices
650 4 _aTurismo
_925937
650 0 _aUrbanismo
_925989
650 7 _aTuristas
_925940
650 7 _aComercio turístico
_911214
690 _942796
_aEconomía del trabajo
700 1 _aJudd, Dennis R.
_eeditor
_972564
700 1 _aFainstein, Susan S.
_eeditor
_972565
942 _2DEWEY
_a7
_cLIBRO
_e1
_h338.4
_mT727t
999 _c301351
_d301351